000 00799nmc a2200301 a 4500
003 AR-BaBNM
005 20251128204056.0
008 257019s1991 ||||||||||||||000 | spa||
020 _a950-03-0307-8
040 _cAR-BaBNM
100 1 _aRoa Bastos, Augusto Antonio
_d1917-2005
245 1 0 _aEl trueno entre las hojas
250 _a5ª ed.
260 _aBuenos Aires
_bLosada
_c1991
300 0 _a262 p.
490 0 _aBiblioteca clásica y contemporánea
500 0 _aContiene vocabulario en p. 259
650 4 _aCUENTOS
650 4 _aESCRITORES
650 4 _aLITERATURA LATINOAMERICANA
653 _aLITERATURA PARAGUAYA
653 _aCRITICA SOCIAL
653 _aNARRATIVA
655 _aLITERATURA
700 1 _aPiccini, Mabel
_eprologuista
942 _cBK
998 _cMARTIN
999 _c6067
_d6067